000 01146nam a22003017a 4500
001 BR8601076
003 BR-BrBNA
005 20230928092240.0
007 ta
008 230509b bl.||||| |||| 00| 0 por d
040 _aBR-BrBNA
_bpor
_cBiblioteca Nacional de Agricultura
041 _a(Por)
072 _aK10; P34
_b3240
_b/G514
090 _ 3240 BR8601076
100 1 _aSchwan, K.R.F.
110 1 _aUniversidade Federal de Vicosa, MG (Brasil)
_0Tese (Magister Scientiae)
245 1 _aCaracterizacao, incidencia e ecologia de micorrizas em viveiro e florestas de Eucalyptus spp, na regiao de Vicosa, Minas Gerais
246 1 _a[Characterization, incidence and ecology of mycorrhizae in nursery and forests of Eucalyptus spp, in Vicosa, Minas Gerais]
260 3 _aVicosa, MG (Brasil):
_c1984.
300 _a55 p.
500 _a2 illus.; 11 tables; Bibliography p. 50-55 (57 ref.); Summary (Por). (*) Documento disponível na(o) Universidade Federal de Vicosa, MG (Brazil)
650 _aEUCALIPTO
650 _aMICORRIZA
650 _aVICOSA
650 _aMINAS GERAIS
909 _a202309
_bLucia
_c55
_dLucia Elande
942 _cBK
999 _c37905
_d37905